| 000 | 01314nam a2200373 c 4500 | ||
|---|---|---|---|
| 001 | 45901 | ||
| 003 | ES-MaCES | ||
| 005 | 20150522101134.0 | ||
| 008 | 150518s2015 sp | 000 | spa d | ||
| 017 |
_aAB 119-2015 _bDL |
||
| 020 | _a9788415923749 | ||
| 040 |
_aES-MaCES _bspa _cES-MaCES |
||
| 100 | 1 |
_97894 _aBlasco Lahoz, José Francisco |
|
| 245 | 1 | 3 |
_aLa protección de las personas en situación de dependencia durante la primera gran crisis económica del Siglo XXI _cJosé Francisco Blasco Lahoz |
| 250 | _a1ª ed | ||
| 260 |
_aAlbacete _bBomarzo _c2015 |
||
| 300 |
_a101 p. _c21 cm |
||
| 490 | 1 |
_aTextos de intervención _v14 |
|
| 541 | _cCompra | ||
| 650 | 4 |
_acrisis económica _927102 |
|
| 650 | 4 |
_aevaluación del impacto _930732 |
|
| 650 | 4 |
_aasistencia a las personas de edad avanzada _927061 |
|
| 650 | 4 |
_acuidado a las personas con discapacidad _927063 |
|
| 650 | 4 |
_aautonomía de las personas con discapacidad _929665 |
|
| 650 | 4 |
_aprotección social _929076 |
|
| 650 | 4 |
_arégimen universal de prestaciones _930153 |
|
| 650 | 4 |
_alegislación de seguridad social _929855 |
|
| 650 | 4 |
_aEspaña _926964 |
|
| 650 | 4 |
_acampo de aplicación _930263 |
|
| 653 | 1 | 0 | _aAsuntos Sociales |
| 830 | 0 |
_aTextos de intervención _v14 _934451 |
|
| 902 | _aLIB Libro | ||
| 942 |
_2CES _cBK _h3.3. |
||
| 999 |
_c45901 _d45901 |
||